|
|
|
|
| LEADER |
00000nam a2200000Ia 4500 |
| 008 |
170522b2004 cr ||||| |||| 00| | spa d |
| 999 |
|
|
|c 1234
|d 1234
|
| 090 |
|
|
|a 02.01.01
|b 589
|
| 100 |
1 |
|
|a Souza Silva, José de
|9 2811
|
| 245 |
1 |
0 |
|a La farsa del "Desarrollo" : Del colonialismo imperial al imperialismo sin colonias /
|c José De Souza Silva
|
| 260 |
|
|
|a San José, Costa Rica :
|b s.n.
|c 2004?
|
| 300 |
|
|
|a 1 volumen (en varias paginaciones)
|
| 500 |
|
|
|a Este documento es una compilación de artículos del autor.
|
| 505 |
|
|
|t La educación latinoamericana en el siglo XXI: Escenarios hacia las pedagogías de la alienación, domesticación y transformación
|
| 505 |
|
|
|t Investigación, sociedad y desarrollo: Los nuevos paradigmas del desarrollo científico-tecnológico en el contexto del cambio de época
|
| 505 |
|
|
|t ¿Quo vadis, planificación?: caminos hacia la alienación, la domesticación y la liberación en la época histórica emergente
|
| 650 |
1 |
4 |
|a DESARROLLO ECONÓMICO Y SOCIAL
|9 445
|
| 650 |
1 |
4 |
|a GLOBALIZACIÓN
|9 266
|
| 650 |
1 |
4 |
|a MODERNIZACIÓN
|9 2078
|
| 650 |
1 |
4 |
|a MODELOS
|9 676
|
| 650 |
1 |
4 |
|a INVESTIGACIÓN
|9 163
|
| 650 |
1 |
4 |
|a SOCIEDAD
|9 396
|
| 650 |
1 |
4 |
|a PLANIFICACION
|9 2302
|
| 650 |
1 |
4 |
|a EDUCACIÓN
|9 1
|
| 651 |
|
4 |
|a AMÉRICA LATINA
|9 273
|
| 942 |
|
|
|i 001712
|h 02.01.01 589
|2 z
|c 01
|